Guaraguanó : (Registro nro. 15543)

Detalles MARC
000 -CABECERA
campo de control de longitud fija 02233nam a2200325 i 4500
001 - NÚMERO DE CONTROL
campo de control 000017903
003 - IDENTIFICADOR DEL NÚMERO DE CONTROL
campo de control DO-SdBPM
005 - FECHA Y HORA DE LA ÚLTIMA TRANSACCIÓN
campo de control 20251125074945.0
007 - CAMPO FIJO DE DESCRIPCIÓN FÍSICA--INFORMACIÓN GENERAL
campo de control de longitud fija ta
008 - DATOS DE LONGITUD FIJA--INFORMACIÓN GENERAL
campo de control de longitud fija 100407s2019 dr ac 000 0 spa d
020 ## - NÚMERO INTERNACIONAL ESTÁNDAR DEL LIBRO
Número Internacional Estándar del Libro 9789945505054
040 ## - FUENTE DE LA CATALOGACIÓN
Centro catalogador/agencia de origen DO-SdBPM
Lengua de catalogación spa
Centro/agencia transcriptor BPMSU
Normas de descripción rda
Centro/agencia modificador
049 ## - FONDOS LOCALES (OCLC)
Fondos de biblioteca
082 #4 - NÚMERO DE LA CLASIFICACIÓN DECIMAL DEWEY
Número de clasificación 972.9353
Número de documento/Ítem R696g 2019
Número de edición 22
100 1# - ENTRADA PRINCIPAL--NOMBRE DE PERSONA
Nombre de persona Rodríguez, Carlos Rafael,
Término indicativo de función/relación autor
Código de función/relación aut.
245 10 - MENCIÓN DE TÍTULO
Título Guaraguanó :
Resto del título resumen histórico del municipio de Monción /
Mención de responsabilidad, etc. Carlos Rafael Rodríguez ; prólogo, Galindo Martínez.
250 ## - MENCIÓN DE EDICIÓN
Mención de edición 2a. ed.
264 ## - PRODUCCIÓN, PUBLICACIÓN, DISTRIBUCIÓN, FABRICACIÓN Y COPYRIGHT
Producción, publicación, distribución, fabricación y copyright Santo Domingo :
Nombre del de productor, editor, distribuidor, fabricante Centenario,
Fecha de producción, publicación, distribución, fabricación o copyright 2019
300 ## - DESCRIPCIÓN FÍSICA
Extensión 327 páginas :
Otras características físicas ilustraciones y retratos ;
Dimensiones 22 cm.
336 ## - TIPO DE CONTENIDO
Fuente rdacontent
Término de tipo de contenido texto
Código de tipo de contenido txt
337 ## - TIPO DE MEDIO
Fuente rdamedia
Nombre/término del tipo de medio sin mediación
Código del tipo de medio n
338 ## - TIPO DE SOPORTE
Fuente rdacarrier
Nombre/término del tipo de soporte volumen
Código del tipo de soporte nc
505 0# - NOTA DE CONTENIDO CON FORMATO
Nota de contenido con formato Prólogo --
Título Introducción --
-- División política de la isla --
-- Origen de Guaraguanó --
-- La mata de Guaraguanó --
-- Sitio catastral de Guaraguanó --
-- Fundación : primeros habitantes --
-- Formación del poblado de Guaraguanó --
-- Sección de Guaraguanó --
-- Episodios de la Restauración --
-- Puesto cantoral de Guaraguanó --
-- Cambio de nombre. Puesto cantoral de Monción --
-- Puesto militar/Puesto cantoral --
-- Municipio de Monción --
-- Creencias sobrenaturales y religiosas --
-- Carlos de Vargas --
-- Estudios geológicos --
-- Centro de minas --
-- Personalidades --
-- Primera iglesia --
-- Las fiestas patronales de San Antonio --
-- Partidos políticos --
-- Visitantes distinguidos --
-- El club recreativo Guaraguanó --
-- Desarrollo cultural --
-- Indice de leyes y decretos sobre el municipio de Monción --
-- Presa de Monción --
-- El Plan Sierra --
-- Deportes --
-- Cooperativa de Ahorros y Préstamos Mamoncito --
-- Atractivos naturales --
-- Complejo agroindustrial/Federación Campesina Guaraguanó --
-- Militares y policías --
-- Primera carretera --
-- Telecomunicaciones --
-- Primer acueducto --
-- Primer hospital --
-- Alumbrado eléctrico .
590 ## - NOTA LOCAL (RLIN)
Nota local Inventariado, 2025/VM
650 #7 - PUNTO DE ACCESO ADICIONAL DE MATERIA--TÉRMINO DE MATERIA
Término de materia o nombre geográfico como elemento de entrada Ciudades y pueblos
Subdivisión geográfica Monción (República Dominicana : Municipio)
651 #7 - PUNTO DE ACCESO ADICIONAL DE MATERIA--NOMBRE GEOGRÁFICO
Nombre geográfico Monción (República Dominicana : Municipio)
700 1# - PUNTO DE ACCESO ADICIONAL--NOMBRE DE PERSONA
Nombre de persona Martínez, Galindo,
Término indicativo de función/relación prólogo
910 ## - DATOS DE OPCIÓN DEL USUARIO (OCLC)
Datos de opción del usuario VMateo V. Control de calidad. BPMSU
942 ## - ELEMENTOS DE PUNTO DE ACCESO ADICIONAL (KOHA)
Fuente del sistema de clasificación o colocación Dewey Decimal Classification
Tipo de ítem Koha Libros
Existencias
Estado de retiro Estado de pérdida Fuente del sistema de clasificación o colocación No para préstamo Código de colección Localización permanente Ubicación/localización actual Fecha de adquisición Total de préstamos Signatura topográfica completa Código de barras Fecha visto por última vez Precio válido a partir de Tipo de ítem Koha Número de copia
    Dewey Decimal Classification   Colección Dominicana Biblioteca Pública Metropolitana Salomé Ureña Biblioteca Pública Metropolitana Salomé Ureña 11/25/2025   BPMSU CD 972.9353 R696g 2019 BPMSU25110091 11/25/2025 11/25/2025 Libros  
    Dewey Decimal Classification   Colección Dominicana Biblioteca Pública Metropolitana Salomé Ureña Biblioteca Pública Metropolitana Salomé Ureña 11/25/2025   BPMSU CD 972.9353 R696g 2019 BPMSU25110092 11/25/2025 11/25/2025 Libros e.2